00418cam a22001337a 4500008004000000082001200040100002600052245009300078250000800171260003200179300001500211650003100226650002700257180718b1973 xxu||||| |||| 00| 0 eng d aG9 C349 aChakraverti, Suranjan aNatural justice or fundamental principles of judicial procedurecby Suranjan Chakraverti a2nd aLucknowbEastern Bookc1973 axxxv, 307p aDue process of law -India. aProcedure (Law) -India